000 00625cam a22002293a 4500
001 25185
003 PGUSA
005 20140828083536.0
008 080426s2008||||xxu|||||s|||||000 | eng d
040 _aPGUSA
_beng
042 _adc
050 4 _aSF
100 1 _aQuinby, M.
_q(Moses),
_d1810-1875
245 1 0 _aMysteries of Bee-keeping Explained
_h[electronic resource] /
_cM. Quinby
260 _bProject Gutenberg,
_c2008
506 _aPublic domain in the USA.
516 _aElectronic text
653 _aBees
830 0 _aProject Gutenberg
_v25185
856 4 0 _uhttp://www.gutenberg.org/ebooks/25185
942 _cEB
999 _c254440
_d254440